| 000 | 00993nam a22003377a 4500 | ||
|---|---|---|---|
| 001 | 0000576 | ||
| 003 | KOHA_MİRAKIL | ||
| 005 | 20260207001215.0 | ||
| 007 | ta | ||
| 008 | 081212b2004 tu |||gr||||#||||0|tur | | ||
| 020 |
_a9752952097 _cYTL31,69 |
||
| 040 |
_aTR-BiSEU _btur _cTR-BiSEU _erda |
||
| 041 | 0 | _atur | |
| 044 | _ctu | ||
| 050 |
_aQA305 _b.T46 2004 |
||
| 100 | 1 | _aThomas, George B.. | |
| 245 | 1 |
_aCalculus 2 problem çözümleri/ _cGeorge B. Thomas ; George B. Thomas, Ross L. Finney; editör Recep Korkmaz. |
|
| 250 | _a9. bs. | ||
| 264 | 1 |
_aİstanbul : _bBeta _c2004 |
|
| 300 | _a c.<2> | ||
| 336 |
_ametin _btxt _2rdacontent |
||
| 337 |
_aaracısız _bn _2rdamedia |
||
| 338 |
_acilt _bnc _2rdacarrier |
||
| 490 | 1 |
_aBeta Yayın No ; _v 1328. |
|
| 490 | 1 |
_aTeknik Dizisi ; _v96 |
|
| 650 | 0 |
_aHesap, Türetilebilen. _92868 |
|
| 650 | 0 |
_aHesap, İntegral. _92869 |
|
| 830 | 1 |
_aBeta Yayın No ; _v 1328. _91882 |
|
| 830 | 1 |
_aTeknik Dizisi ; _v96 _92832 |
|
| 942 |
_2lcc _cBK |
||
| 999 |
_c576 _d576 |
||